Učitavanje...
Chandrika
| Glavni autor: | |
|---|---|
| Format: | Printed Book |
| Jezik: | Malayalam |
| Izdano: |
NIL
NIL
|
| LEADER | 00408nam a2200121Ia 4500 | ||
|---|---|---|---|
| 008 | 111205s9999 xx 000 0 mal d | ||
| 100 | |a Chacko. P.T. | ||
| 245 | |a Chandrika |c Chacko. P.T. | ||
| 260 | |b NIL |a NIL |c 0 | ||
| 300 | |a 42 | ||
| 942 | |c BK | ||
| 999 | |c 217613 |d 217613 | ||
| 952 | |0 0 |1 0 |2 ddc |4 0 |6 851_000000000000000_85C6_CHA |7 0 |9 240512 |a MAL |b MAL |c ST1 |d 2011-12-05 |g 0.00 |l 0 |o 851.85C6 CHA |p MAL8717 |r 2011-12-05 |v 0.00 |w 2011-12-05 |y BK | ||